|
|
|
|
| LEADER |
02438nam a2200625 a 4500 |
| 001 |
nkc20091864567 |
| 003 |
CZ PrNK |
| 005 |
20220108133946.0 |
| 007 |
ta |
| 008 |
090323s2009 xr e 000 0acze |
| 015 |
|
|
|a cnb001864567
|
| 020 |
|
|
|a 978-80-86862-82-8
|q (váz.)
|
| 035 |
|
|
|a (OCoLC)432997085
|
| 040 |
|
|
|a BOA001
|b cze
|d ABA001
|
| 041 |
1 |
|
|a cze
|h eng
|
| 043 |
|
|
|a e-uk---
|
| 045 |
|
|
|a x7x9
|
| 072 |
|
7 |
|a 616
|x Patologie. Klinická medicína
|2 Konspekt
|9 14
|
| 072 |
|
7 |
|a 929
|x Biografie
|2 Konspekt
|9 8
|
| 080 |
|
|
|a 616.8-051
|2 MRF
|
| 080 |
|
|
|a 616.8-052
|2 MRF
|
| 080 |
|
|
|a 316.344.6-056.26/.29
|2 MRF
|
| 080 |
|
|
|a 616.8
|2 MRF
|
| 080 |
|
|
|a 159.91
|2 MRF
|
| 080 |
|
|
|a 929
|2 MRF
|
| 080 |
|
|
|a (410)
|2 MRF
|
| 080 |
|
|
|a (0:82-94)
|2 MRF
|
| 100 |
1 |
|
|a Sacks, Oliver,
|d 1933-2015
|7 jn19990007290
|4 aut
|
| 245 |
1 |
0 |
|a Na čem si stojím-- :
|b prožitky odcizení části vlastního těla a cesta zpět k původní celistvosti /
|c Oliver Sacks ; [z anglického originálu ... přeložil Dušan Zbavitel]
|
| 250 |
|
|
|a Vyd. 2.
|
| 260 |
|
|
|a Praha :
|b Dybbuk,
|c 2009
|
| 300 |
|
|
|a 172 s. ;
|c 21 cm
|
| 504 |
|
|
|a Obsahuje bibliografii
|
| 600 |
1 |
7 |
|a Sacks, Oliver,
|d 1933-2015
|7 jn19990007290
|2 czenas
|
| 648 |
|
4 |
|a 1974-1996
|
| 650 |
0 |
7 |
|a neurologové
|7 ph255248
|z Velká Británie
|y 20.-21. století
|2 czenas
|
| 650 |
0 |
7 |
|a neurologičtí pacienti
|7 ph526586
|z Velká Británie
|2 czenas
|
| 650 |
0 |
7 |
|a osoby s tělesným postižením
|7 ph126837
|z Velká Británie
|2 czenas
|
| 650 |
0 |
7 |
|a nemoci nervového systému
|7 ph139029
|2 czenas
|
| 650 |
0 |
7 |
|a neuropsychologie
|7 ph115446
|2 czenas
|
| 650 |
0 |
9 |
|a neurologists
|z Great Britain
|y 20th-21st centuries
|2 eczenas
|
| 650 |
0 |
9 |
|a neurological patients
|z Great Britain
|2 eczenas
|
| 650 |
0 |
9 |
|a people with physical disabilities
|z Great Britain
|2 eczenas
|
| 650 |
0 |
9 |
|a nervous system diseases
|2 eczenas
|
| 650 |
0 |
9 |
|a neuropsychology
|2 eczenas
|
| 655 |
|
7 |
|a autobiografické vzpomínky
|7 fd131854
|2 czenas
|
| 655 |
|
9 |
|a autobiographical reminiscences
|2 eczenas
|
| 700 |
1 |
|
|a Zbavitel, Dušan,
|d 1925-2012
|7 jk01152285
|4 trl
|
| 765 |
0 |
|
|t Leg to stand on
|9 Česky
|
| 856 |
4 |
1 |
|u http://www.digitalniknihovna.cz/mzk/uuid/uuid:6d336bb0-da9b-11e4-97af-005056827e51
|y Digitalizovaný dokument
|x NDK
|
| 910 |
2 |
|
|a BOA001
|b 2-1224.114
|
| 990 |
|
|
|a BK
|
| 995 |
|
|
|a 01
|
| 991 |
|
|
|b 200906
|c NOV
|
| 996 |
6 |
|
|b 2610379165
|c 2-1224.114
|l MZK
|r Sklad / do 1 hodiny
|n 7
|p p.v.
|w 000938898
|u 000010
|a 1
|e BOA001
|j MZK50
|s P
|